Euros 2024 Ukraine Squad - Statistics

General Stats
  • This quiz has been taken 43 times
  • The average score is 12 of 26
Answer Stats
Pos Club Answer % Correct
MF Chelsea Mykhailo Mudryk
100%
GK Real Madrid Andriy Lunin
97%
MF Arsenal Oleksandr Zinchenko
97%
FW Girona Artem Dovbyk
89%
DF Everton Vitaliy Mykolenko
83%
FW Valencia Roman Yaremchuk
80%
GK Benfica Anatoliy Trubin
74%
MF Girona Viktor Tsygankov
71%
DF Bournemouth Illya Zabarnyi
69%
FW Dynamo Kyiv Andriy Yarmolenko
63%
MF Dynamo Kyiv Mykola Shaparenko
51%
MF Shakhtar Taras Stepanenko
49%
MF Genoa Ruslan Malinovskyi
40%
GK Dynamo Kyiv Heorhiy Bushchan
37%
DF Shakhtar Yukhym Konoplya
31%
MF Shakhtar Heorhiy Sudakov
26%
DF Shakhtar Valeriy Bondar
20%
FW Shakhtar Oleksandr Zubkov
17%
MF Westerlo Serhiy Sydorchuk
17%
FW Dynamo Kyiv Vladyslav Vanat
17%
DF Shakhtar Mykola Matviyenko
14%
DF LASK Maksym Taloverov
11%
DF Dnipro Oleksandr Svatok
11%
DF Dynamo Kyiv Oleksandr Tymchyk
11%
DF Polissya Bohdan Mykhaylichenko
3%
MF Dynamo Kyiv Volodymyr Brazkho
0%
No matching quizzes found
Score Distribution
Percent of People with Each Score
Percentile by Number Answered
Your Score History
You have not taken this quiz